| 000 | 00352nam a2200121Ia 4500 | ||
|---|---|---|---|
| 008 | 191201s2015 xx 000 0 und d | ||
| 100 | _aUPADHYAY,A.K. | ||
| 245 | 0 | _aCivil Estimating and Costing Including Quantity Surveying, Tendering and Evaluation | |
| 260 |
_aN. Delhi _bS.K. Kataria _c2015 |
||
| 300 | _a478 | ||
| 650 | _aB.Tech(CE) | ||
| 942 |
_2ddc _cBK |
||
| 999 |
_c6514 _d6514 |
||